Iron Maiden Album Quiz - Statistiken

Allgemein
  • Dieses Quiz wurde 6 mal gespielt
  • Das Durchschnittsergebnis liegt bei 13 aus 17
Antwortstatistiken
Hint Antwort % Korrekt
1992 Fear of the Dark
100%
1981 Killers
100%
1984 Powerslave
100%
1982 The Number of the beast
100%
1980 Iron Maiden
83%
1983 Piece of Mind
83%
1986 Somewhere in Time
83%
2000 Brave New World
67%
1988 Seventh Son of a Seventh Son
67%
2015 The Book of Souls
67%
2010 The Final Frontier
67%
1995 The X Factor
67%
1998 Virtual XI
67%
2006 A Matter of Life and Death
50%
2003 Dance of Death
50%
1990 No Prayer for the Dying
50%
2021 Senjutsu
50%
Keine übereinstimmenden Quizze gefunden
Verteilung der Resultate
Anzahl Personen mit jedem Resultat
Perzentil nach korrekt beantworteten Fragen
Ihre Resultats-Entwicklung
Sie haben dieses Quiz noch nicht gespielt